| 000 | 02060 a2200241 4500 | ||
|---|---|---|---|
| 001 | 4159 | ||
| 005 | 20260407155432.0 | ||
| 008 | 260407a1999 arg spa d | ||
| 003 | AR-UNSa-BCEJYS | ||
| 040 |
_aAR-UNSa-BCEJYS _bspa _cAR-UNSa-BCEJYS |
||
| 080 |
_a351.72 _xFinanzas públicas. Legislación (Contabilidad Pública, Administración financiera...) |
||
| 245 | 1 | 0 |
_aRégimen jurídico de la gestión y del control en la hacienda pública _ptratrado sobre la Ley 24.156 y las de contabilidad y de obras públicas |
| 020 | _a978-987-43-0428-5 | ||
| 250 | _a2a. ed. | ||
| 264 | 1 |
_aBuenos Aires : _bDepalma _c1999 |
|
| 300 |
_axxiii, 803 p. _c22 cm. |
||
| 505 | _a1. Definición y concepto de la contabilidad pública - 2. Definición y concepto de la hacienda pública - 3. Organización de la hacienda del Estado Federal Argentino - 4. Reseña histórica de las principales disposiciones legales y reglamentarias - 5. El presupuesto como instrumento de contabilidad preventiva - 6. El presupuesto financiero - 7. Ejecución del presupuesto en lo relativo a gastos - 8. Ejecución del presupuesto en lo relativo a recursos - 9. Clausura del ejercicio del presupuesto - 10. El servicio del tesoro - 11. La gestión patrimonial - 12. Contratos del Estado - 13. Contrato de suministros - 14. Contrato de obra pública - 15. Trabajos y obras por administración - 16. Administración militar - 17. Registro contable de las operaciones (visión de conjunto) - 18. La descentralización administrativa institucional - 19. El control de la actividad en las haciendas anexas - 20. Los responsables - 21. La vigilancia administrativa de la responsabilidad - 22. La declaración administrativa de la responsabilidad - 23. Control concomitante - 24. Control ulterior - 25. Las haciendas conexas o paraestatales | ||
| 041 | _aspa | ||
| 942 | _cBK | ||
| 590 | _aniveau_biblio:m niveau_hierar:0 | ||
| 100 | 1 | _aAtchabahian, Adolfo | |
| 856 | 4 | 1 |
_uhttps://t3.gstatic.com/images?q=tbn:ANd9GcQvUv18gMXQAx3d-gJpZNo554BAf1t-asYjBblLk_9v3PacCiOP _yImagen de portada _qimage/jpeg |
| 999 |
_c395 _d395 |
||